000 00254nam a2200097Ia 4500
008 230907s9999||||xx |||||||||||||| ||und||
082 _a333.793209049
_bULT
245 0 _aUltra-supercritical coal power plants :
300 _axxii, 282 pages :
942 _cBK
999 _c598634
_d598634